000 00214nam a22000857a 4500
008 170130b xxu||||| |||| 00| 0 eng d
100 _92668
_aNCERT
245 _aVistas EnglishReader-XII
260 _aNew Delhi
_bNCERT
_c2009
999 _c5824
_d5824